[Event "RUS-ch 56th"]
[Site "Krasnoyarsk"]
[Date "2003.09.09"]
[Round "6"]
[White "Logunov, Maxim"]
[Black "Iljushin, Alexei"]
[Result "1-0"]
[WhiteElo "2422"]
[BlackElo "2553"]
[PlyCount "59"]
[EventDate "2003.09.03"]
[EventType "swiss"]
[EventRounds "9"]
[EventCountry "RUS"]
[SourceTitle "CBM 098"]
[Source "ChessBase"]
[SourceDate "2004.02.03"]
[SourceVersion "1"]
[SourceVersionDate "2004.02.03"]
[SourceQuality "1"]

1. e4 e6 2. d4 d5 3. Nc3 Nf6 4. Bg5 Be7 5. e5 Nfd7 6. Bxe7 Qxe7 7. Nb5 Nb6 8. c3 a6 9. Na3 Bd7 10. f4 Na4 11. Qd2 c5 12. Nf3 Nc6 13. Be2 b5 14. Bd1 Nb6 15. 0-0 c4 16. Nc2 f5 17. exf6 gxf6 18. Ne3 0-0-0 19. a4 Be8 20. b3 Qc7 21. bxc4 bxc4 22. f5 e5 23. a5 Na8 24. dxe5 fxe5 25. Ng5 Qd6 26. f6 Nc7 27. f7 Bd7 28. Ne4 Qg6 29. Nc5 Be6 30. Qb2 1-0

[Event "RUS-ch 56th"]
[Site "Krasnoyarsk"]
[Date "2003.09.06"]
[Round "4"]
[White "Logunov, Maxim"]
[Black "Filippov, Valerij"]
[Result "0-1"]
[WhiteElo "2422"]
[BlackElo "2630"]
[PlyCount "56"]
[EventDate "2003.09.03"]
[EventType "swiss"]
[EventRounds "9"]
[EventCountry "RUS"]
[SourceTitle "CBM 098"]
[Source "ChessBase"]
[SourceDate "2004.02.03"]
[SourceVersion "1"]
[SourceVersionDate "2004.02.03"]
[SourceQuality "1"]

1. d4 Nf6 2. c4 e6 3. Nc3 Bb4 4. e3 c5 5. Bd3 Nc6 6. Nge2 cxd4 7. exd4 d5 8. 0-0 0-0 9. Bg5 dxc4 10. Bxc4 Be7 11. a3 b6 12. Qd3 Bb7 13. Rad1 Rc8 14. Ba2 Nd5 15. Bb1 g6 16. Bh6 Re8 17. Nxd5 Qxd5 18. Nf4 Qd6 19. d5 Ne5 20. dxe6 Nxd3 21. exf7+ Kxf7 22. Ba2+ Kf6 23. Rxd3 Qxd3 24. Nxd3 Ba6 25. Ne5 Kxe5 26. Re1+ Kf6 27. Re6+ Kf5 28. h3 Bc4 0-1

[Event "RUS-ch 56th"]
[Site "Krasnoyarsk"]
[Date "2003.09.04"]
[Round "2"]
[White "Logunov, Maxim"]
[Black "Ionov, Sergey"]
[Result "1/2-1/2"]
[WhiteElo "2422"]
[BlackElo "2556"]
[PlyCount "65"]
[EventDate "2003.09.03"]
[EventType "swiss"]
[EventRounds "9"]
[EventCountry "RUS"]
[SourceTitle "CBM 098"]
[Source "ChessBase"]
[SourceDate "2004.02.03"]
[SourceVersion "1"]
[SourceVersionDate "2004.02.03"]
[SourceQuality "1"]

1. d4 Nf6 2. c4 e6 3. Nc3 Bb4 4. e3 0-0 5. Nge2 d5 6. a3 Be7 7. cxd5 exd5 8. g3 a5 9. Bg2 c6 10. 0-0 Na6 11. Bd2 Re8 12. Qc2 Bd7 13. Rad1 b5 14. e4 b4 15. e5 bxc3 16. exf6 Bxf6 17. Bxc3 Qb6 18. Nf4 Nc7 19. a4 Ne6 20. Nxe6 Bxe6 21. h3 Bd7 22. Qd2 Qb3 23. Ra1 h6 24. Rfe1 Rxe1+ 25. Qxe1 Qc2 26. Qd1 Bf5 27. Qxc2 Bxc2 28. Bf3 g6 29. h4 h5 30. Bd1 Bd3 31. Bf3 Bc2 32. Bd1 Bd3 33. Bf3 1/2-1/2

[Event "RUS-Cup01"]
[Site "Tomsk"]
[Date "2003.07.12"]
[Round "9"]
[White "Bocharov, Dmitry"]
[Black "Logunov, Maxim"]
[Result "1-0"]
[WhiteElo "2526"]
[BlackElo "2422"]
[PlyCount "137"]
[EventDate "2003.07.04"]
[EventType "swiss"]
[EventRounds "9"]
[EventCountry "RUS"]
[SourceTitle "CBM 095 Extra"]
[Source "ChessBase"]
[SourceDate "2003.09.04"]
[SourceVersion "1"]
[SourceVersionDate "2003.09.04"]
[SourceQuality "1"]

1. d4 Nf6 2. Nf3 g6 3. c4 Bg7 4. g3 0-0 5. Bg2 d6 6. 0-0 Nbd7 7. Nc3 c6 8. e4 e5 9. Be3 Ng4 10. Bg5 f6 11. Bc1 Qe7 12. h3 Nh6 13. Be3 f5 14. exf5 Nxf5 15. Bg5 Qf7 16. d5 h6 17. Be3 e4 18. Nxe4 Nxe3 19. fxe3 Qe7 20. dxc6 Qxe4 21. cxd7 Bxd7 22. Qxd6 Bc6 23. Nh4 Qxe3+ 24. Kh2 Rxf1 25. Rxf1 Qe2 26. Qxg6 Rf8 27. Rxf8+ Kxf8 28. b4 Bxg2 29. Nxg2 Qxc4 30. Qd6+ Kg8 31. Qb8+ Kh7 32. Qxb7 Qxa2 33. b5 Qf2 34. Qe4+ Kg8 35. h4 Qc5 36. Qe8+ Kh7 37. Nf4 Qc2+ 38. Kh3 Qf5+ 39. Kg2 Be5 40. Qe7+ Bg7 41. Qe2 Be5 42. Nd5 Bd6 43. Nc3 Qe5 44. Ne4 Bc7 45. Qd3 Kg7 46. Qd7+ Kg8 47. Qc6 Bd8 48. Qg6+ Qg7 49. Qe8+ Qf8 50. Qe6+ Kh8 51. h5 Bb6 52. Qd5 Qe7 53. g4 Bc7 54. Qc6 Bf4 55. Kf3 Qf8 56. Qf6+ Qxf6 57. Nxf6 Bh2 58. Ke4 Kg7 59. Kf5 Kf7 60. Ne4 Bc7 61. g5 hxg5 62. Nxg5+ Ke7 63. h6 Ba5 64. h7 Bc3 65. Kg6 Bb2 66. Nf7 Bc3 67. Nh6 Bb2 68. Nf5+ Kf8 69. Nd6 1-0

[Event "RUS-Cup01"]
[Site "Tomsk"]
[Date "2003.07.10"]
[Round "7"]
[White "Kabanov, Nikolai"]
[Black "Logunov, Maxim"]
[Result "0-1"]
[WhiteElo "2489"]
[BlackElo "2422"]
[PlyCount "54"]
[EventDate "2003.07.04"]
[EventType "swiss"]
[EventRounds "9"]
[EventCountry "RUS"]
[SourceTitle "CBM 095 Extra"]
[Source "ChessBase"]
[SourceDate "2003.09.04"]
[SourceVersion "1"]
[SourceVersionDate "2003.09.04"]
[SourceQuality "1"]

1. e4 c6 2. d4 d5 3. exd5 cxd5 4. c4 Nf6 5. Nc3 Nc6 6. Nf3 a6 7. h3 Be6 8. c5 h6 9. Bd3 g5 10. Rb1 Bg7 11. b4 Ne4 12. Ne2 f5 13. a3 0-0 14. Bb2 Qe8 15. Ne5 Nxe5 16. dxe5 Qb8 17. f3 Bxe5 18. fxe4 Bg3+ 19. Kd2 dxe4 20. Nd4 Rd8 21. Qh5 Qf4+ 22. Kd1 Bb3+ 23. Bc2 Bf7 24. Qxh6 Qe3 25. Rf1 Rxd4+ 26. Bxd4 Qxd4+ 27. Kc1 Qe3+ 0-1

[Event "Capital of Sibiria op"]
[Site "Novosibirsk"]
[Date "2002.07.22"]
[Round "4"]
[White "Logunov, Maxim"]
[Black "Polyakevich, Stanislav Georgievi"]
[Result "1-0"]
[WhiteElo "2388"]
[BlackElo "2286"]
[PlyCount "85"]
[EventDate "2002.07.19"]
[EventType "swiss"]
[EventRounds "9"]
[EventCountry "RUS"]
[SourceTitle "CBM 089 Extra"]
[Source "ChessBase"]
[SourceDate "2002.09.10"]
[SourceVersion "2"]
[SourceVersionDate "2002.09.10"]
[SourceQuality "1"]

1. Nf3 Nf6 2. c4 e6 3. g3 c5 4. Bg2 Nc6 5. 0-0 d5 6. cxd5 exd5 7. d4 Be7 8. Nc3 0-0 9. dxc5 Bxc5 10. Bg5 d4 11. Ne4 Be7 12. Bxf6 Bxf6 13. Ne1 Re8 14. Nd3 Bf5 15. Nec5 Qe7 16. Re1 Rac8 17. Qa4 Ne5 18. e4 dxe3 19. Rxe3 b6 20. Rae1 bxc5 21. Nxe5 Bxe5 22. Rxe5 Qxe5 23. Rxe5 Rxe5 24. h4 Re7 25. Bd5 h6 26. b3 Kh7 27. g4 Rd8 28. Bf3 Rd4 29. Qa5 Bxg4 30. Qxc5 Red7 31. Bc6 R7d6 32. b4 a6 33. a4 g6 34. b5 axb5 35. axb5 Bf5 36. Bf3 Bg4 37. Bg2 Rd1+ 38. Kh2 Rd8 39. b6 Be6 40. h5 R1d5 41. hxg6+ Kxg6 42. Bxd5 Rxd5 43. Qc2+ 1-0

[Event "RUS-Cup03"]
[Site "Tomsk"]
[Date "2002.07.10"]
[Round "3"]
[White "Logunov, Maxim"]
[Black "Grebionkin, Vladimir"]
[Result "1-0"]
[WhiteElo "2388"]
[BlackElo "2475"]
[PlyCount "149"]
[EventDate "2002.07.08"]
[EventType "swiss"]
[EventRounds "9"]
[EventCountry "RUS"]
[SourceTitle "CBM 089 Extra"]
[Source "ChessBase"]
[SourceDate "2002.09.10"]
[SourceVersion "2"]
[SourceVersionDate "2002.09.10"]
[SourceQuality "1"]

1. d4 Nf6 2. c4 g6 3. Nf3 Bg7 4. g3 c6 5. Nc3 d5 6. cxd5 cxd5 7. Ne5 0-0 8. Bg2 e6 9. 0-0 Nfd7 10. f4 f6 11. Nf3 Nc6 12. Kh1 f5 13. Ne5 Nf6 14. Nxc6 bxc6 15. b3 c5 16. Ba3 cxd4 17. Bxf8 Qxf8 18. Nb5 Qc5 19. a4 Ne4 20. Bxe4 dxe4 21. Rc1 Qb6 22. Rc7 d3 23. exd3 Bb7 24. Rxb7 Qxb7 25. dxe4 Rb8 26. Re1 a6 27. Nd6 Qb6 28. Nc4 fxe4 29. Qd6 Qxd6 30. Nxd6 Rxb3 31. Nxe4 Bf8 32. Nf6+ Kf7 33. Nxh7 Be7 34. Re5 Rb1+ 35. Kg2 Rb2+ 36. Kh3 Rb8 37. Ng5+ Bxg5 38. Rxg5 Kf6 39. Kg4 Rb2 40. h4 Rb4 41. Ra5 Rb6 42. h5 gxh5+ 43. Kxh5 Rb3 44. Kh4 Rb6 45. g4 Rb4 46. g5+ Kg6 47. Kg4 Rb6 48. Rc5 Rd6 49. Ra5 Rc6 50. Kf3 Rc3+ 51. Ke4 Rc4+ 52. Ke5 Rc6 53. Kd4 Rc1 54. Rc5 Rf1 55. Ke4 Re1+ 56. Kf3 Rf1+ 57. Kg3 Rg1+ 58. Kf2 Rb1 59. Ke3 Rd1 60. Ke4 Re1+ 61. Kd4 Rf1 62. Ke5 Re1+ 63. Kd6 Re4 64. a5 Rxf4 65. Kxe6 Re4+ 66. Kd6 Ra4 67. Kc7 Rb4 68. Rc6+ Kg7 69. Rxa6 Rb5 70. Ra8 Re5 71. a6 Re7+ 72. Kd6 Re3 73. Rb8 Ra3 74. Rb6 Rd3+ 75. Kc7 1-0

[Event "RUS-ch sf"]
[Site "Novosibirsk"]
[Date "2002.??.??"]
[Round "6"]
[White "Logunov, Maxim"]
[Black "Guempel, Viktor"]
[Result "1/2-1/2"]
[WhiteElo "2384"]
[BlackElo "2315"]
[PlyCount "88"]
[EventDate "2002.??.??"]
[EventType "swiss"]
[EventRounds "9"]
[EventCountry "RUS"]
[SourceTitle "EXT 2007"]
[Source "ChessBase"]
[SourceDate "2006.11.23"]
[SourceVersion "1"]
[SourceVersionDate "2006.11.23"]
[SourceQuality "1"]

1. d4 d5 2. c4 c6 3. Nc3 Nf6 4. e3 e6 5. a3 Bd6 6. c5 Bc7 7. f4 b6 8. b4 bxc5 9. bxc5 Ba5 10. Nge2 Ne4 11. Bd2 Bxc3 12. Bxc3 Ba6 13. Bb4 0-0 14. Ng3 Qh4 15. Qf3 Bxf1 16. Kxf1 Nxg3+ 17. Qxg3 Qxg3 18. hxg3 Nd7 19. Ke2 Rfb8 20. Rhb1 Rb5 21. Bd2 Rab8 22. Rb4 Nf6 23. Ra2 Ne4 24. Be1 Kf8 25. g4 h6 26. Ra4 R5b7 27. Ra6 Rc8 28. Bb4 Ke7 29. Kf3 Kd7 30. Ra1 Kc7 31. Rh1 Kb8 32. Ra5 Ka8 33. Rg1 Re7 34. Rb1 Rce8 35. Rb2 f6 36. Ra6 Rc8 37. Ba5 Rf7 38. Be1 e5 39. Rbb6 exd4 40. exd4 Re7 41. Rb1 Rb7 42. Rb4 Rxb4 43. axb4 Kb7 44. b5 cxb5 1/2-1/2

[Event "RUS-ch sf"]
[Site "Novosibirsk"]
[Date "2002.??.??"]
[Round "7"]
[White "Maletin, Pavel"]
[Black "Logunov, Maxim"]
[Result "1/2-1/2"]
[WhiteElo "2329"]
[BlackElo "2384"]
[PlyCount "105"]
[EventDate "2002.??.??"]
[EventType "swiss"]
[EventRounds "9"]
[EventCountry "RUS"]
[SourceTitle "EXT 2007"]
[Source "ChessBase"]
[SourceDate "2006.11.23"]
[SourceVersion "1"]
[SourceVersionDate "2006.11.23"]
[SourceQuality "1"]

1. e4 c6 2. d4 d5 3. Nc3 dxe4 4. Nxe4 Nf6 5. Nxf6+ exf6 6. c3 Bd6 7. Bd3 Be6 8. Ne2 Qc7 9. Be3 Nd7 10. Qc2 0-0-0 11. c4 c5 12. d5 Bg4 13. Nc3 a6 14. h3 Bh5 15. 0-0 Bg6 16. Rac1 Kb8 17. Na4 Ne5 18. Bxg6 hxg6 19. b4 Ng4 20. Rfd1 Nxe3 21. fxe3 Qe7 22. Rd3 Qe5 23. bxc5 Qh2+ 24. Kf1 Bg3 25. Rb3 Rh4 26. Nc3 Rxc4 27. Rxb7+ Kxb7 28. Qb3+ Kc7 29. Qxc4 Qh1+ 30. Ke2 Qxg2+ 31. Kd3 Kd7 32. d6 Bxd6 33. cxd6 Kxd6 34. Ne2 Ke7+ 35. Nd4 Kf8 36. Qxa6 f5 37. Qa3+ Kg8 38. Qe7 Ra8 39. a4 Kh7 40. a5 Qd5 41. a6 Qa2 42. Rc6 Qb1+ 43. Kd2 Qa2+ 44. Kd3 Qb1+ 45. Kc4 Qa2+ 46. Kc3 Qa1+ 47. Kd2 Qa2+ 48. Rc2 Qa5+ 49. Ke2 Qa4 50. Kf2 Kg8 51. Rc7 Qa2+ 52. Ne2 Rf8 53. Rd7 1/2-1/2

[Event "RUS-chT (club)"]
[Site "Novokuznetsk"]
[Date "1999.??.??"]
[Round "?"]
[White "Logunov, Maxim"]
[Black "Kotsur, Pavel"]
[Result "0-1"]
[WhiteElo "2455"]
[BlackElo "2499"]
[PlyCount "96"]
[EventDate "1999.??.??"]
[EventType "team-tourn"]
[EventRounds "11"]
[EventCountry "RUS"]
[SourceTitle "EXT 2001"]
[Source "ChessBase"]
[SourceDate "2000.11.22"]
[SourceVersion "1"]
[SourceVersionDate "2000.11.22"]
[SourceQuality "1"]

1. e4 c5 2. Nf3 d6 3. d4 cxd4 4. Qxd4 Nc6 5. Bb5 Bd7 6. Bxc6 Bxc6 7. Nc3 e6 8. Bg5 Nf6 9. 0-0-0 Be7 10. Kb1 0-0 11. Rhe1 Qa5 12. Qd2 Kh8 13. Nd4 Rac8 14. f4 h6 15. h4 Rfe8 16. Bxf6 Bxf6 17. g4 h5 18. g5 Bxd4 19. Qxd4 Rcd8 20. e5 dxe5 21. Qxe5 Qxe5 22. fxe5 Kh7 23. Kc1 Kg6 24. Rd6 Rxd6 25. exd6 Rd8 26. Rd1 e5 27. b4 Kf5 28. Rf1+ Ke6 29. b5 Be8 30. Ne4 Bxb5 31. Nc5+ Kd5 32. Nxb7 Bxf1 33. Nxd8 Kxd6 34. Nxf7+ Ke6 35. Nh8 Kf5 36. Kd2 Bb5 37. Ke3 Be8 38. Kf3 e4+ 39. Kg3 e3 40. Kf3 e2 41. Kxe2 Kg4 42. Ke3 Kxh4 43. Kf4 Kh3 44. Kf3 Bc6+ 45. Kf4 h4 46. Ng6 Be8 47. Ne5 Kg2 48. Nf3 h3 0-1

[Event "RUS-chT (club)"]
[Site "Novokuznetsk"]
[Date "1999.??.??"]
[Round "?"]
[White "Siuniakov, Igor"]
[Black "Logunov, Maxim"]
[Result "1/2-1/2"]
[WhiteElo "2347"]
[BlackElo "2455"]
[PlyCount "33"]
[EventDate "1999.??.??"]
[EventType "team-tourn"]
[EventRounds "11"]
[EventCountry "RUS"]
[SourceTitle "EXT 2001"]
[Source "ChessBase"]
[SourceDate "2000.11.22"]
[SourceVersion "1"]
[SourceVersionDate "2000.11.22"]
[SourceQuality "1"]

1. d4 d5 2. c4 c6 3. Nc3 Nf6 4. Nf3 e6 5. cxd5 exd5 6. Bg5 Bf5 7. e3 Nbd7 8. Bd3 Bxd3 9. Qxd3 Be7 10. 0-0 0-0 11. Bxf6 Nxf6 12. Ne5 Bd6 13. f4 Qe7 14. a3 Rfe8 15. Rac1 Nd7 16. Rf3 Bxe5 17. fxe5 1/2-1/2

[Event "RUS-Cup"]
[Site "Krasnoyarsk"]
[Date "1998.??.??"]
[Round "5"]
[White "Logunov, Maxim"]
[Black "Castaneda, Georgui"]
[Result "1-0"]
[WhiteElo "2455"]
[BlackElo "2395"]
[PlyCount "99"]
[EventDate "1998.??.??"]
[EventType "swiss"]
[EventRounds "9"]
[EventCountry "RUS"]
[SourceTitle "EXT 2000"]
[Source "ChessBase"]
[SourceDate "1999.11.16"]
[SourceVersion "1"]
[SourceVersionDate "1999.11.16"]
[SourceQuality "1"]

1. d4 Nf6 2. c4 e6 3. Nc3 Bb4 4. e3 b6 5. Be2 Bb7 6. Bf3 d5 7. Qa4+ Nc6 8. Nge2 0-0 9. 0-0 Qd7 10. cxd5 exd5 11. a3 Bxc3 12. Nxc3 Rfd8 13. b4 a6 14. Bd2 Qd6 15. Qc2 Ne7 16. b5 Qd7 17. a4 Nf5 18. Rfc1 Re8 19. bxa6 Bxa6 20. a5 bxa5 21. Na4 Nh4 22. Qd1 Ne4 23. Bxe4 dxe4 24. Qh5 Qe7 25. Rc5 g6 26. Qh6 Rab8 27. Bxa5 c6 28. Re5 Qf6 29. Bc7 Nf5 30. Qf4 Rbc8 31. Nb6 Bd3 32. Nxc8 Rxc8 33. g4 Rxc7 34. gxf5 Kg7 35. h4 c5 36. Re6 Qxf5 37. Qxc7 Qxe6 38. dxc5 Be2 39. Qd6 Qg4+ 40. Qg3 Qe6 41. Kh2 Bb5 42. Rd1 Qf5 43. Rc1 Bc6 44. Qf4 Qe6 45. Rd1 Bd5 46. h5 h6 47. hxg6 f6 48. Rg1 Bc6 49. Qd6 Qe8 50. Qc7+ 1-0